La fontaine y sus fabulas /

Guardado en:
Autor Principal: Vossler, Karl
Formato: Libro
Publicado: Buenos Aires : Espasa-calpe, 1947
Materias:
Etiquetas: Agregar Etiqueta
Sin Etiquetas, Sea el primero en etiquetar este registro!
LEADER 00509nam a22001815a 4500
001 EHU.bham024089
003 AR-BHAM
005 20130507115945.0
008 130507s1947##################000#0#####d
082 8 4 |a 841.407 
100 1 |a Vossler, Karl 
245 1 0 |a La fontaine y sus fabulas /  |c Karl Vossler 
260 |a Buenos Aires :  |b Espasa-calpe,  |c 1947 
300 |a 148 p. 
653 |a Fabula 
653 |a Literatura 
653 |a Literatura francesa 
859 |a AR-BHAM  |b BIB. HUMANIDADES - General  |h 841.407  |i V936  |p 465.93  |t Ej.1